00872nam a22002417a 450000500170000001000150001702000270003203500130005903700130007208200110008510000240009624501050012025000270022526000320025227000860028430000270037050000200039770000270041770000180044494200250046299900170048795201260050420150807112818.0 aENG-113179 c1195.00a9788180386442 aEN-96711 bDBAD/PUB a347.91 aRamanatha Aiyer, P. aCross examination : cby P.Ramanatha Aiyer [and] N.S. Ranganatha Aiyerbprinciples and precedents /  a4th ed by M.R. Mallick bLexisNexis c2011aGurgaon  bGurgaon e122002a14th Floor, Building NO.10, Tower-B, DLF Cyber City, Phase-II,  alxxii,1085p.c25cm(Hb) aIncludes index  aRanganatha Aiyer, N.S. aMallick, M.R. 2ddccENmRAMk347.91 c94059d94059 001040718NFICaDBADbDBADd2015-06-03eDBAD/PUBg1195.00l0o347.91 RAMpEN-96711r2015-06-03 00:00:00t1v1195.00yEN